| 000 | 03044nam a2200361 4500 | ||
|---|---|---|---|
| 003 | CO-CtgCURN | ||
| 005 | 20260317115640.0 | ||
| 007 | ta | ||
| 008 | 160627s2022 000 0 eng d | ||
| 020 | _a978-607-448-873-9 | ||
| 040 |
_aCO-CtgCURN _bspa _ccoctgcurn |
||
| 082 | 0 |
_a616.075 _bL722 |
|
| 100 | 1 | _aLifshitz Guinsberg, Alberto. | |
| 245 | 1 | 0 |
_aSíntomas y signos cardinales de las enfermedades / _cAlberto Lifshitz Guinsberg; Manuel Ramiro Hernández; José Luis García Vigil; Karem Mendoza Salas. |
| 250 | _aOctava edición. | ||
| 260 |
_aMéxico : _bManual Moderno, _c2022. |
||
| 300 |
_a613 páginas : _bilustraciones a color ; _c32 cm. |
||
| 336 | _2rdacontent | ||
| 337 |
_2rdamedia _asin mediacion _bn |
||
| 338 |
_2rdacarrier _avolumen _bnc |
||
| 504 | _aIncluye referencias bibliograficas. | ||
| 505 | 8 | _a"La medicina clínica es una disciplina en constante evolución, pero mantiene su fundamento en la recolección y el análisis de la información que ofrecen los pacientes. La enfermedad se sigue expresando mediante las percepciones de los enfermos (síntomas) y a través de los hallazgos de una búsqueda detallada de indicios más o menos ocultos en los cuerpos de las personas (signos). Pero no se trata solo de la tarea de registrarlos, sino de precisarlos, entenderlos, conocer su origen y mecanismos de producción, las relaciones entre ellos, sus significados, su valor semiótico y su trascendencia.Esta nueva edición del libro "Síntomas y signos cardinales de las enfermedades" mantiene la idea de su autor original, el Dr. Horacio Jinich, (un ícono de la medicina mexicana), de ayudar a los médicos y estudiantes en el delicado abordaje de comprender y descifrar a los pacientes, avanzar hacia alcanzar competencia en el dominio sensorial e intelectual, e incorpora los modernos métodos y procedimientos que han complementado la mejor perspectiva de cuánto les sucede a las personas enfermas. En esta edición, además, se ilustran mediante imágenes en movimiento, las maniobras exploratorias que tendran que dominar quienes ejercen la profesión clínica.Se puede decir que este texto no nada más puede substituir a los tratados de propedéutica de la clínica, fisiopatología, semiología, diagnóstico, diagnóstico diferencial y registros médicos, sino que contribuye a obtener una visión cabal de las personas enfermas, de cómo un individuo sano deja de serlo, y de las posibilidades de los médicos para ayudarlas efectivamente" | |
| 590 | _aSemiología (Medicina) | ||
| 650 | 1 | 4 | _aEnfermedades. |
| 650 | 0 |
_aEnfermedades _xCausas y teorías de casualidad. |
|
| 650 | 0 |
_aDiagnóstico físico _xManuales. |
|
| 700 | 1 | _aHernández, Manuel Ramiro. | |
| 700 | 1 | _aGarcía Vigil, José Luis. | |
| 700 | 1 | _aMendoza Salas, Karem. | |
| 856 | 7 |
_uhttps://ebooks.amolca.com/reader/biomateriales-dentales?location=1 _zVea el libro en formato digital tambien |
|
| 942 |
_cBK _h616.075 _iL722 _2ddc |
||
| 999 |
_c22667 _d22667 |
||